| 000 | 00604nam a22001577a 4500 | ||
|---|---|---|---|
| 082 | _a670.5 | ||
| 100 | _aYounas, Muhammad | ||
| 245 |
_aParametric Analysis Of Wax Printing Technique For Fabricating Microfluidic Paper Based Analytic Devices (Μpads) / _cMuhammad Younas |
||
| 260 |
_aIslamabad : _bSMME - NUST, _c2016. |
||
| 300 |
_a47 p. ; _c30cm. |
||
| 650 |
_aDesign & Manufacturing Engineering-MS-Thesis _917179 |
||
| 700 |
_aDr. Mushtaq Khan _916155 |
||
| 856 | _uhttp://10.250.8.41:8080/xmlui/handle/123456789/10699 | ||
| 942 |
_2ddc _cTHE |
||
| 999 |
_c541165 _d541165 |
||